| Tag |
First Indicator |
Second Indicator |
Subfields |
| LEADER |
00000cam a2200000Ia 4500 |
| 001 |
in00002068310 |
| 005 |
20151102051222.0 |
| 008 |
050511s1961 enk b 000 0 eng d |
| 035 |
|
|
|a (OCoLC)ocm60343777
|
| 040 |
|
|
|a TXA
|c TXA
|d UtOrBLW
|
| 049 |
|
|
|a TXAM
|
| 088 |
|
|
|a DPR/INF/260
|
| 090 |
|
|
|a TK9400
|b .P98 1961
|
| 100 |
1 |
|
|a Putman, J. L.
|
| 245 |
1 |
0 |
|a Isotope techniques for nuclear engineers /
|c by J.L. Putman.
|
| 264 |
|
1 |
|a London :
|b United Kingdom Atomic Energy Authority, Public Relations Branch,
|c [1961]
|
| 300 |
|
|
|a 10 pages ;
|c 28 cm.
|
| 336 |
|
|
|a text
|b txt
|2 rdacontent
|
| 337 |
|
|
|a unmediated
|b n
|2 rdamedia
|
| 338 |
|
|
|a volume
|b nc
|2 rdacarrier
|
| 500 |
|
|
|a "August, 1961."
|
| 504 |
|
|
|a Includes bibliographical references (pages 9-10).
|
| 500 |
|
|
|a "DPR/INF/260"--Cover.
|
| 650 |
|
0 |
|a Radioisotopes.
|
| 650 |
|
0 |
|a Isotopes.
|
| 650 |
|
0 |
|a Nuclear energy.
|
| 650 |
|
0 |
|a Nuclear engineering.
|
| 710 |
2 |
|
|a United Kingdom Atomic Energy Authority.
|
| 910 |
|
|
|a ccs2537
|
| 947 |
|
|
|a A14831470120
|
| 948 |
|
|
|a cataloged
|b h
|c 2005/8/16
|d c
|e achopde
|f 11:53:24 am
|
| 994 |
|
|
|a 02
|b TXA
|
| 999 |
|
|
|a MARS
|
| 999 |
f |
f |
|s 73dfbaca-ea2d-3390-a0d9-e604f083f4b4
|i a1d670ca-eba7-31f0-91bc-c7ed0830fce0
|t 0
|
| 952 |
f |
f |
|p ric
|a Texas A&M University
|b Rellis Campus
|c Joint Library Facility
|d Remote Storage
|t 0
|e TK9400 .P98 1961
|h Library of Congress classification
|i unmediated -- volume
|m A14831470120
|
| 998 |
f |
f |
|a TK9400 .P98 1961
|t 0
|l Remote Storage
|